Which Terminal? Paris Charles De Gaulle Airport - Statistics

General Stats
  • This quiz has been taken 9 times
  • The average score is 13 of 15
Answer Stats
Question Answer % Correct
Eurowings Terminal 1
100%
All Nippon Airways Terminal 1
100%
Turkish Airlines Terminal 1
100%
SAS Scandinavian Airlines Terminal 1
100%
Cathay Pacific Terminal 1
100%
Delta Air Lines Terminal 2
100%
Air France Terminal 2
100%
ITA Airways Terminal 2
100%
American Airlines Terminal 2
100%
Ethiopian Airlines Terminal 2
100%
Air Transat Terminal 3
100%
Vueling Terminal 3
100%
Qatar Airways Terminal 1
50%
British Airways Terminal 2
50%
Iberia Express Terminal 3
0%
No matching quizzes found
Score Distribution
Percent of People with Each Score
Percentile by Number Answered
Your Score History
You have not taken this quiz